00521nam a2200157Ia 450000500170000000800410001704100080005808200160006610000240008224500420010626000330014830000090018165000230019099900190021395201310023220250729165736.0250729s2012 xx 000 0 und d aeng a808.25 GOSS aC.L Goswamy9231875 asrimad Bhagavata Mahapurana - Part II aGorakpurbGeetha Pressc2012 a725p aLiterature9231876 c239500d239500 00104070aALbALd2025-07-29eManagement Bookg170.00l0o808.25 GOSSpBED04819r2025-07-29 16:57:36v170.00w2025-07-29yBK